000 00518nam a2200169 4500
001 131623
003 ES-MaACL
005 20230906194021.0
007 t|
008 070214s1971 sp r ||||1| spa d
100 1 _aRodríguez Guarnizo, Joaquín.
_998566
245 1 0 _aIntroducción a la nomenclatura de las sustancias químicas /
_cJoaquín Rodríguez Guarnizo.
260 _aToledo :
_b[s. n.],
_c1971.
300 _a40 f. ;
_c31 cm.
500 _aEjemplar multicopista.
852 _aES-MaACL
_jC-41680
_bR.79359
999 _c131623
_d131623